000 00365 a2200157 4500
001 176530
020 _a
040 _cMagnum
100 _aChiavenato, Julio Jose
240 1 0 _aO golpe de 64 e a ditadura militar
_lpor
245 1 0 _aO golpe de 64 e a ditadura militar
362 0 _a1899
440 1 _aModerna
697 _aMAGNITO: PARADIDATICO
942 _cBK
999 _c176530
_d176530